[Event "Small Nations"]
[Site "?"]
[Date "2015.04.22"]
[Round "6.1"]
[White "Kobler, Mario"]
[Black "Berend, Fred"]
[Result "0-1"]
[BlackElo "2349"]
[WhiteElo "2108"]
[LiveChessVersion "1.4.5"]

1. Nf3 {[%clk 1:30:56]} g6 {[%clk 1:30:56]} 2. c4 {[%clk 1:31:20]} Bg7
{[%clk 1:31:23]} 3. g3 {[%clk 1:31:14]} Nf6 {[%clk 1:31:38]} 4. Bg2
{[%clk 1:31:13]} O-O {[%clk 1:31:55]} 5. O-O {[%clk 1:31:29]} c5 {[%clk 1:32:19]}
6. d4 {[%clk 1:31:45]} Nc6 {[%clk 1:29:41]} 7. Nc3 {[%clk 1:30:23]} cxd4
{[%clk 1:22:28]} 8. Nxd4 {[%clk 1:30:41]} a6 {[%clk 1:17:51]} 9. h3
{[%clk 1:28:15]} Qc7 {[%clk 1:10:24]} 10. Nc2 {[%clk 1:26:22]} d6
{[%clk 1:05:33]} 11. Be3 {[%clk 1:23:10]} Rb8 {[%clk 0:57:22]} 12. Rc1
{[%clk 1:21:23]} Be6 {[%clk 0:49:09]} 13. Nd5 {[%clk 1:08:05]} Qd7
{[%clk 0:47:59]} 14. Nb6 {[%clk 1:07:10]} Qd8 {[%clk 0:48:14]} 15. Nd4
{[%clk 1:05:54]} Bd7 {[%clk 0:38:18]} 16. Nb3 {[%clk 0:57:23]} Bf5
{[%clk 0:32:55]} 17. g4 {[%clk 0:47:18]} Bxg4 {[%clk 0:24:41]} 18. hxg4
{[%clk 0:46:32]} Nxg4 {[%clk 0:24:45]} 19. Na4 {[%clk 0:41:48]} Nxe3
{[%clk 0:22:57]} 20. fxe3 {[%clk 0:41:29]} Ne5 {[%clk 0:22:46]} 21. Nd4
{[%clk 0:37:58]} Bh6 {[%clk 0:21:30]} 22. Qd2 {[%clk 0:35:24]} b5
{[%clk 0:17:38]} 23. cxb5 {[%clk 0:34:44]} axb5 {[%clk 0:18:07]} 24. Nc3
{[%clk 0:30:52]} Nc4 {[%clk 0:18:25]} 25. Qd3 {[%clk 0:30:28]} Bxe3+
{[%clk 0:18:28]} 26. Kh2 {[%clk 0:29:46]} Ne5 {[%clk 0:14:45]} 27. Qe4
{[%clk 0:24:22]} b4 {[%clk 0:10:29]} 28. Na4 {[%clk 0:13:59]} e6 {[%clk 0:08:20]}
29. Nc6 {[%clk 0:11:34]} Qg5 {[%clk 0:08:23]} 30. Nxe5 {[%clk 0:08:39]} dxe5
{[%clk 0:07:58]} 31. Rc2 {[%clk 0:07:02]} Rbd8 {[%clk 0:06:36]} 32. Nc5
{[%clk 0:01:53]} Rd4 {[%clk 0:06:22]} 33. Qf3 {[%clk 0:01:45]} Rf4
{[%clk 0:04:04]} 34. Qxe3 {[%clk 0:00:31]} Rh4+ {[%clk 0:04:26]} 35. Qh3
{[%clk 0:00:57]} Rxh3+ {[%clk 0:04:42]} 36. Bxh3 {[%clk 0:01:08]} Qh4
{[%clk 0:03:17]} 37. e4 {[%clk 0:00:31]} Rc8 {[%clk 0:03:13]} 38. b3
{[%clk 0:00:33]} g5 {[%clk 0:03:02]} 39. Rg1 {[%clk 0:00:31]} Qf4+
{[%clk 0:02:58]} 0-1

[Event "Small Nations"]
[Site "?"]
[Date "2015.04.22"]
[Round "6.2"]
[White "Linster, Philippe"]
[Black "Frick, Renato"]
[Result "0-1"]
[BlackElo "2056"]
[WhiteElo "2239"]
[LiveChessVersion "1.4.5"]

1. c4 {[%clk 1:30:57]} Nf6 {[%clk 1:30:54]} 2. g3 {[%clk 1:31:23]} c6
{[%clk 1:31:11]} 3. Nf3 {[%clk 1:31:17]} d5 {[%clk 1:31:34]} 4. Bg2
{[%clk 1:31:44]} dxc4 {[%clk 1:31:21]} 5. O-O {[%clk 1:31:54]} Nbd7
{[%clk 1:30:54]} 6. Na3 {[%clk 1:31:34]} Nb6 {[%clk 1:30:49]} 7. Qc2
{[%clk 1:30:39]} g6 {[%clk 1:26:30]} 8. Nxc4 {[%clk 1:30:28]} Bg7
{[%clk 1:24:33]} 9. d3 {[%clk 1:27:01]} O-O {[%clk 1:24:48]} 10. e4
{[%clk 1:26:46]} Nfd7 {[%clk 1:21:37]} 11. Rd1 {[%clk 1:09:23]} Qc7
{[%clk 1:18:43]} 12. h3 {[%clk 1:03:28]} e5 {[%clk 1:11:23]} 13. Na5
{[%clk 0:53:02]} Re8 {[%clk 1:08:41]} 14. b4 {[%clk 0:52:34]} Nf8
{[%clk 1:08:58]} 15. Bb2 {[%clk 0:51:41]} Bd7 {[%clk 1:01:54]} 16. Rac1
{[%clk 0:46:25]} Rac8 {[%clk 1:00:49]} 17. d4 {[%clk 0:42:52]} exd4
{[%clk 1:00:00]} 18. Bxd4 {[%clk 0:41:12]} Na8 {[%clk 0:56:17]} 19. Bxg7
{[%clk 0:41:05]} Kxg7 {[%clk 0:56:44]} 20. Nd4 {[%clk 0:39:09]} Kg8
{[%clk 0:48:47]} 21. Qb2 {[%clk 0:34:46]} Qb8 {[%clk 0:45:15]} 22. Ndb3
{[%clk 0:27:41]} Rcd8 {[%clk 0:43:35]} 23. Nc5 {[%clk 0:26:23]} Bc8
{[%clk 0:43:48]} 24. Rxd8 {[%clk 0:17:16]} Rxd8 {[%clk 0:44:03]} 25. h4
{[%clk 0:17:05]} Re8 {[%clk 0:34:32]} 26. h5 {[%clk 0:15:23]} Qe5
{[%clk 0:30:31]} 27. Qxe5 {[%clk 0:15:10]} Rxe5 {[%clk 0:30:55]} 28. hxg6
{[%clk 0:15:24]} hxg6 {[%clk 0:30:53]} 29. Naxb7 {[%clk 0:15:23]} Bxb7
{[%clk 0:30:58]} 30. Nxb7 {[%clk 0:15:51]} Rb5 {[%clk 0:31:17]} 31. Nd8
{[%clk 0:10:42]} Rxb4 {[%clk 0:31:28]} 32. Nxc6 {[%clk 0:11:10]} Ra4
{[%clk 0:31:50]} 33. Rc2 {[%clk 0:11:07]} Nb6 {[%clk 0:31:46]} 34. Bf1
{[%clk 0:09:54]} Ne6 {[%clk 0:31:52]} 35. f3 {[%clk 0:07:20]} Kg7
{[%clk 0:30:17]} 36. Kf2 {[%clk 0:07:34]} Ng5 {[%clk 0:29:45]} 37. Ne5
{[%clk 0:06:06]} Ne6 {[%clk 0:28:46]} 38. Nc6 {[%clk 0:04:52]} Ng5
{[%clk 0:29:10]} 39. Be2 {[%clk 0:03:46]} Ne6 {[%clk 0:27:51]} 40. Bb5
{[%clk 0:02:55]} Ra3 {[%clk 0:27:53]} 41. Rd2 {[%clk 0:26:57]} a5
{[%clk 0:40:11]} 42. Ne7 {[%clk 0:23:15]} Ng5 {[%clk 0:35:21]} 43. Be2
{[%clk 0:23:32]} Na4 {[%clk 0:34:55]} 44. Nd5 {[%clk 0:23:38]} Nc5
{[%clk 0:35:13]} 45. Rb2 {[%clk 0:16:21]} Nxf3 {[%clk 0:31:13]} 46. Ne3
{[%clk 0:14:53]} Ne5 {[%clk 0:31:05]} 47. Rb5 {[%clk 0:12:51]} Nxe4+
{[%clk 0:31:16]} 0-1

[Event "Small Nations"]
[Site "?"]
[Date "2015.04.22"]
[Round "6.3"]
[White "Guller, Andras"]
[Black "Gengler, Pierre"]
[Result "0-1"]
[BlackElo "2195"]
[WhiteElo "2003"]
[LiveChessVersion "1.4.5"]

1. e4 {[%clk 1:29:55]} c5 {[%clk 1:30:57]} 2. Nf3 {[%clk 1:30:17]} Nc6
{[%clk 1:31:24]} 3. Bb5 {[%clk 1:30:33]} g6 {[%clk 1:31:50]} 4. O-O
{[%clk 1:30:16]} Bg7 {[%clk 1:32:18]} 5. c3 {[%clk 1:30:20]} Nf6 {[%clk 1:32:40]}
6. Re1 {[%clk 1:29:57]} O-O {[%clk 1:33:05]} 7. d3 {[%clk 1:22:53]} d6
{[%clk 1:32:03]} 8. Nbd2 {[%clk 1:19:48]} e5 {[%clk 1:32:04]} 9. Nf1
{[%clk 1:18:38]} a6 {[%clk 1:28:30]} 10. Ba4 {[%clk 1:18:49]} b5 {[%clk 1:28:48]}
11. Bc2 {[%clk 1:11:56]} d5 {[%clk 1:27:27]} 12. Qe2 {[%clk 1:08:24]} d4
{[%clk 1:25:31]} 13. h3 {[%clk 1:02:33]} h6 {[%clk 1:22:49]} 14. Bd2
{[%clk 0:55:59]} Be6 {[%clk 1:19:00]} 15. cxd4 {[%clk 0:54:23]} cxd4
{[%clk 1:11:52]} 16. b4 {[%clk 0:53:35]} Qe7 {[%clk 1:09:48]} 17. a3
{[%clk 0:53:07]} Rfc8 {[%clk 1:07:06]} 18. Rec1 {[%clk 0:49:56]} Rc7
{[%clk 1:06:16]} 19. Bd1 {[%clk 0:47:55]} Rac8 {[%clk 1:06:18]} 20. N3h2
{[%clk 0:44:47]} Nh5 {[%clk 1:04:34]} 21. Qf3 {[%clk 0:25:39]} Nf6
{[%clk 0:53:46]} 22. Qe2 {[%clk 0:24:32]} Nd7 {[%clk 0:53:55]} 23. f4
{[%clk 0:23:56]} exf4 {[%clk 0:53:32]} 24. Bxf4 {[%clk 0:24:17]} Nde5
{[%clk 0:52:57]} 25. Nf3 {[%clk 0:22:18]} g5 {[%clk 0:52:26]} 26. Nxe5
{[%clk 0:19:13]} Bxe5 {[%clk 0:52:21]} 27. Bxe5 {[%clk 0:16:27]} Nxe5
{[%clk 0:50:49]} 28. Rxc7 {[%clk 0:16:24]} Qxc7 {[%clk 0:50:12]} 29. Qd2
{[%clk 0:12:36]} Qc3 {[%clk 0:49:40]} 30. Qxc3 {[%clk 0:11:30]} Rxc3
{[%clk 0:50:04]} 31. a4 {[%clk 0:10:05]} Nxd3 {[%clk 0:48:53]} 32. axb5
{[%clk 0:09:58]} axb5 {[%clk 0:49:16]} 33. Nd2 {[%clk 0:07:38]} Nxb4
{[%clk 0:48:18]} 34. Rb1 {[%clk 0:06:27]} Nc2 {[%clk 0:40:36]} 35. Rxb5 Ne3
{[%clk 0:40:51]} 36. Bf3 {[%clk 0:04:22]} Kg7 {[%clk 0:36:56]} 37. e5
{[%clk 0:03:58]} Rc2 {[%clk 0:35:42]} 38. Ne4 {[%clk 0:01:28]} d3
{[%clk 0:35:45]} 39. Rb8 {[%clk 0:01:17]} d2 {[%clk 0:34:31]} 40. Nf6
{[%clk 0:01:10]} Rc8 {[%clk 0:34:41]} 41. Ne8+ {[%clk 0:25:34]} Kf8
{[%clk 1:04:45]} 42. Rxc8 {[%clk 0:25:49]} Bxc8 {[%clk 1:05:10]} 43. Nd6
{[%clk 0:26:11]} Ba6 {[%clk 1:05:16]} 0-1

[Event "Small Nations"]
[Site "?"]
[Date "2015.04.22"]
[Round "6.4"]
[White "Mossong, Hubert"]
[Black "Jelic, Dejan"]
[Result "1/2-1/2"]
[BlackElo "1968"]
[WhiteElo "2103"]
[LiveChessVersion "1.4.5"]

1. f4 {[%clk 1:30:01]} d5 {[%clk 1:30:46]} 2. Nf3 {[%clk 1:30:25]} Nc6
{[%clk 1:31:08]} 3. b3 {[%clk 1:30:21]} Bg4 {[%clk 1:31:30]} 4. d4
{[%clk 1:23:37]} Nf6 {[%clk 1:26:47]} 5. e3 {[%clk 1:19:05]} e6 {[%clk 1:26:16]}
6. Bd3 {[%clk 1:19:00]} Nb4 {[%clk 1:25:45]} 7. Be2 {[%clk 1:07:03]} Bf5
{[%clk 1:21:41]} 8. Na3 {[%clk 1:06:26]} c5 {[%clk 1:21:44]} 9. c3
{[%clk 1:01:58]} Nc6 {[%clk 1:19:48]} 10. O-O {[%clk 0:59:19]} Rc8
{[%clk 1:20:06]} 11. Bb2 {[%clk 0:56:19]} Bd6 {[%clk 1:14:23]} 12. Ne5
{[%clk 0:54:32]} h5 {[%clk 1:12:25]} 13. Bf3 {[%clk 0:43:58]} a6 {[%clk 1:02:51]}
14. Nxc6 {[%clk 0:34:11]} bxc6 {[%clk 1:01:10]} 15. Nc2 {[%clk 0:32:43]} Bxc2
{[%clk 1:00:52]} 16. Qxc2 {[%clk 0:33:06]} Ng4 {[%clk 1:01:10]} 17. Qe2
{[%clk 0:31:57]} Qh4 {[%clk 1:01:18]} 18. g3 {[%clk 0:26:46]} Qh3
{[%clk 1:01:08]} 19. Rfe1 {[%clk 0:23:31]} f5 {[%clk 1:01:20]} 20. Qg2
{[%clk 0:22:51]} Qxg2+ {[%clk 1:01:31]} 21. Kxg2 {[%clk 0:23:17]} cxd4
{[%clk 1:00:48]} 22. exd4 {[%clk 0:21:28]} Kd7 {[%clk 1:01:03]} 23. h4
{[%clk 0:15:14]} c5 {[%clk 1:00:51]} 24. Bxg4 {[%clk 0:14:36]} hxg4
{[%clk 1:01:12]} 25. Rac1 {[%clk 0:14:03]} cxd4 {[%clk 1:01:20]} 26. cxd4
{[%clk 0:14:24]} Rxc1 {[%clk 1:01:02]} 27. Rxc1 {[%clk 0:14:48]} Rc8
{[%clk 1:01:23]} 28. Rxc8 {[%clk 0:14:54]} Kxc8 29. Bc3 Ba3 {[%clk 0:53:28]} 30.
Kf2 {[%clk 0:14:31]} g6 {[%clk 0:53:21]} 31. Ke2 {[%clk 0:14:52]} Kb7
{[%clk 0:52:58]} 32. Kd2 {[%clk 0:14:18]} Kc6 {[%clk 0:53:04]} 33. Kc2
{[%clk 0:14:13]} Kb5 {[%clk 0:53:14]} 34. Bd2 {[%clk 0:13:02]} a5
{[%clk 0:51:59]} 35. Bc3 {[%clk 0:10:02]} a4 {[%clk 0:51:50]} 36. Bd2
{[%clk 0:09:43]} Be7 {[%clk 0:49:24]} 1/2-1/2

[Event "Small Nations"]
[Site "?"]
[Date "2015.04.22"]
[Round "6.5"]
[White "De La Riva Aguado, Oscar"]
[Black "Efimov, Igor"]
[Result "1/2-1/2"]
[BlackElo "2398"]
[WhiteElo "2507"]
[LiveChessVersion "1.4.5"]

1. e4 {[%clk 1:30:54]} c5 {[%clk 1:30:46]} 2. Nf3 {[%clk 1:30:46]} e6
{[%clk 1:30:58]} 3. b3 {[%clk 1:29:53]} Nf6 {[%clk 1:29:34]} 4. e5
{[%clk 1:29:58]} Nd5 {[%clk 1:30:02]} 5. Bb2 {[%clk 1:30:15]} Nc6
{[%clk 1:29:39]} 6. g3 {[%clk 1:27:38]} Nde7 {[%clk 1:27:01]} 7. Bg2
{[%clk 1:18:06]} d5 {[%clk 1:21:09]} 8. d4 {[%clk 0:39:50]} Nf5 {[%clk 1:13:44]}
9. c3 {[%clk 0:27:11]} h5 {[%clk 1:03:19]} 10. h3 {[%clk 0:25:16]} b6
{[%clk 0:54:16]} 11. O-O {[%clk 0:20:49]} Ba6 {[%clk 0:53:17]} 12. Re1
{[%clk 0:21:15]} Rc8 {[%clk 0:49:11]} 13. dxc5 {[%clk 0:20:09]} bxc5
{[%clk 0:49:10]} 14. Nbd2 {[%clk 0:20:16]} Be7 {[%clk 0:45:54]} 15. c4
{[%clk 0:19:36]} Qd7 {[%clk 0:45:22]} 16. a3 {[%clk 0:11:02]} Bb7
{[%clk 0:30:48]} 17. cxd5 {[%clk 0:10:06]} exd5 {[%clk 0:31:15]} 18. Rc1
{[%clk 0:10:30]} Qe6 {[%clk 0:30:24]} 19. b4 {[%clk 0:08:46]} c4 {[%clk 0:26:29]}
20. b5 {[%clk 0:08:57]} Nd8 {[%clk 0:26:57]} 21. Nd4 {[%clk 0:05:37]} Nxd4
{[%clk 0:27:15]} 22. Bxd4 {[%clk 0:06:03]} a6 {[%clk 0:26:20]} 23. a4
{[%clk 0:06:03]} Qd7 {[%clk 0:24:51]} 24. bxa6 {[%clk 0:05:26]} Bxa6
{[%clk 0:25:13]} 25. Nb1 {[%clk 0:05:53]} Ne6 {[%clk 0:25:26]} 26. Nc3
{[%clk 0:06:19]} Bb7 {[%clk 0:25:51]} 27. Rb1 {[%clk 0:06:46]} Bc6
{[%clk 0:26:04]} 28. h4 {[%clk 0:04:24]} g6 {[%clk 0:25:12]} 29. Re2
{[%clk 0:04:43]} O-O {[%clk 0:25:25]} 30. Reb2 {[%clk 0:05:10]} Rfd8
{[%clk 0:21:59]} 31. Kh2 {[%clk 0:05:31]} Ra8 {[%clk 0:20:18]} 32. Qd2
{[%clk 0:04:38]} Qe8 {[%clk 0:18:36]} 33. Qe3 {[%clk 0:04:54]} Qf8
{[%clk 0:18:11]} 34. Rb5 {[%clk 0:03:14]} Bxb5 {[%clk 0:18:02]} 35. Rxb5
{[%clk 0:03:39]} Ra6 {[%clk 0:17:46]} 36. Rxd5 {[%clk 0:03:17]} Bb4
{[%clk 0:17:49]} 37. Ne4 {[%clk 0:03:17]} Be7 {[%clk 0:17:51]} 38. Nc3
{[%clk 0:03:14]} Bb4 {[%clk 0:15:41]} 39. Ne4 {[%clk 0:03:39]} 1/2-1/2

[Event "Small Nations"]
[Site "?"]
[Date "2015.04.22"]
[Round "6.6"]
[White "Butnorius, Algimantas"]
[Black "Garcia Paolicchi, Raul"]
[Result "1-0"]
[BlackElo "2146"]
[WhiteElo "2379"]
[LiveChessVersion "1.4.5"]

1. d4 {[%clk 1:30:58]} d5 {[%clk 1:30:54]} 2. Nf3 {[%clk 1:31:22]} Nf6
{[%clk 1:31:06]} 3. c4 {[%clk 1:31:46]} c6 {[%clk 1:31:07]} 4. Nc3
{[%clk 1:31:39]} dxc4 {[%clk 1:31:01]} 5. a4 {[%clk 1:28:49]} Bf5
{[%clk 1:31:07]} 6. e3 {[%clk 1:29:08]} e6 {[%clk 1:31:22]} 7. Bxc4
{[%clk 1:29:32]} Bb4 {[%clk 1:31:27]} 8. O-O {[%clk 1:29:35]} O-O
{[%clk 1:31:34]} 9. Qe2 {[%clk 1:29:33]} Bg4 {[%clk 1:31:16]} 10. Rd1
{[%clk 1:27:37]} Nbd7 {[%clk 1:30:03]} 11. e4 {[%clk 1:26:18]} Rc8
{[%clk 1:27:57]} 12. Bf4 {[%clk 1:18:17]} Qa5 {[%clk 1:24:40]} 13. Na2
{[%clk 1:13:11]} Be7 {[%clk 1:24:50]} 14. b4 {[%clk 1:08:41]} Qh5
{[%clk 1:25:01]} 15. h3 {[%clk 1:08:27]} Bxf3 {[%clk 1:25:24]} 16. Qxf3
{[%clk 1:08:54]} Qxf3 {[%clk 1:25:47]} 17. gxf3 {[%clk 1:09:20]} Nb6
{[%clk 1:19:33]} 18. Bb3 {[%clk 1:09:34]} a6 {[%clk 1:19:00]} 19. Rab1
{[%clk 0:53:03]} Rfd8 {[%clk 1:13:21]} 20. Nc1 {[%clk 0:51:08]} Na8
{[%clk 1:09:30]} 21. Bc2 {[%clk 0:44:12]} Ne8 {[%clk 1:07:00]} 22. Be3
{[%clk 0:31:09]} Rb8 {[%clk 0:27:17]} 23. Nd3 {[%clk 0:27:48]} Nd6
{[%clk 0:22:20]} 24. Bb3 {[%clk 0:26:23]} Nc7 {[%clk 0:21:10]} 25. Rbc1
{[%clk 0:22:24]} Kf8 {[%clk 0:20:09]} 26. Rc2 {[%clk 0:17:20]} Nde8
{[%clk 0:18:38]} 27. Rcd2 {[%clk 0:14:30]} Bf6 {[%clk 0:13:14]} 28. Ba2
{[%clk 0:09:43]} Kg8 {[%clk 0:12:54]} 29. Nc5 {[%clk 0:07:34]} Be7
{[%clk 0:11:55]} 30. Kg2 {[%clk 0:06:16]} h6 {[%clk 0:11:49]} 31. Kf1
{[%clk 0:04:08]} Bf8 {[%clk 0:09:55]} 32. Ke2 {[%clk 0:03:58]} Be7
{[%clk 0:10:18]} 33. Rb1 {[%clk 0:03:56]} Bf8 {[%clk 0:09:44]} 34. Nd3
{[%clk 0:04:07]} Be7 {[%clk 0:09:29]} 35. Ne5 {[%clk 0:04:21]} Nd6
{[%clk 0:08:08]} 36. Rdd1 {[%clk 0:04:04]} Nde8 {[%clk 0:05:46]} 37. f4
{[%clk 0:04:07]} Nd6 {[%clk 0:05:03]} 38. f3 {[%clk 0:04:29]} Kf8
{[%clk 0:04:07]} 39. Bf2 {[%clk 0:04:23]} Rbc8 {[%clk 0:04:05]} 40. Bg3
{[%clk 0:04:12]} Nce8 {[%clk 0:03:16]} 41. Ke3 {[%clk 0:03:34]} Nf6
{[%clk 0:02:27]} 42. Bh2 {[%clk 0:03:04]} Nfe8 {[%clk 0:02:04]} 43. Nd3
{[%clk 0:02:38]} Nc7 {[%clk 0:01:54]} 44. Nc5 {[%clk 0:02:38]} Rb8
{[%clk 0:01:51]} 45. Ke2 {[%clk 0:26:05]} Kg8 {[%clk 0:31:31]} 46. Bg1
{[%clk 0:19:12]} Nde8 {[%clk 0:28:13]} 47. Be3 {[%clk 0:19:12]} Bf6
{[%clk 0:25:04]} 48. Nb3 {[%clk 0:19:00]} Be7 {[%clk 0:25:03]} 49. Na5
{[%clk 0:18:54]} Nd6 {[%clk 0:24:10]} 50. Rdc1 {[%clk 0:18:44]} Nde8
{[%clk 0:23:55]} 51. Nc4 {[%clk 0:18:00]} Bf6 {[%clk 0:23:08]} 52. Rd1
{[%clk 0:17:27]} Be7 {[%clk 0:22:59]} 53. Ne5 {[%clk 0:16:06]} Nd6
{[%clk 0:21:46]} 54. Rg1 {[%clk 0:16:04]} Kf8 {[%clk 0:21:31]} 55. Rg2
{[%clk 0:16:12]} Bf6 {[%clk 0:14:23]} 56. Rbg1 {[%clk 0:15:40]} Nde8
{[%clk 0:12:13]} 57. f5 {[%clk 0:14:36]} Ke7 {[%clk 0:11:52]} 58. Rd1
{[%clk 0:11:07]} Kf8 {[%clk 0:09:16]} 59. fxe6 {[%clk 0:10:01]} Nxe6
{[%clk 0:07:13]} 60. Ng6+ {[%clk 0:10:08]} fxg6 {[%clk 0:07:29]} 61. Bxe6
{[%clk 0:10:34]} g5 {[%clk 0:07:40]} 62. Ba2 {[%clk 0:07:09]} Nc7
{[%clk 0:06:17]} 63. f4 {[%clk 0:06:42]} gxf4 {[%clk 0:03:43]} 64. Bxf4
{[%clk 0:07:05]} Rbc8 {[%clk 0:03:59]} 65. e5 {[%clk 0:06:07]} Re8
{[%clk 0:04:23]} 66. Kd3 {[%clk 0:05:31]} Bg5 {[%clk 0:02:59]} 67. Rf1
{[%clk 0:05:11]} 1-0

[Event "Small Nations"]
[Site "?"]
[Date "2015.04.22"]
[Round "6.8"]
[White "Ribbegren, Karl Johan"]
[Black "Fernandez Lopez, Joan"]
[Result "0-1"]
[BlackElo "2133"]
[WhiteElo "2244"]
[LiveChessVersion "1.4.5"]

1. Nf3 {[%clk 1:30:55]} d5 {[%clk 1:30:28]} 2. c4 {[%clk 1:30:59]} c6
{[%clk 1:29:32]} 3. g3 {[%clk 1:30:08]} Nf6 {[%clk 1:28:27]} 4. Bg2
{[%clk 1:30:16]} dxc4 {[%clk 1:26:50]} 5. Na3 {[%clk 1:27:50]} g6
{[%clk 1:17:42]} 6. Nxc4 {[%clk 1:27:16]} Bg7 {[%clk 1:16:41]} 7. d3
{[%clk 1:25:29]} Nbd7 {[%clk 1:14:58]} 8. Bd2 {[%clk 1:24:28]} O-O
{[%clk 1:04:13]} 9. O-O {[%clk 1:24:24]} Nd5 {[%clk 1:00:27]} 10. Rb1
{[%clk 1:23:06]} N7b6 {[%clk 0:56:10]} 11. Na5 {[%clk 1:21:19]} Rb8
{[%clk 0:51:45]} 12. Qc2 {[%clk 1:20:30]} Bg4 {[%clk 0:47:40]} 13. h3
{[%clk 1:17:37]} Bxf3 {[%clk 0:46:46]} 14. Bxf3 {[%clk 1:17:58]} e5
{[%clk 0:47:01]} 15. b4 {[%clk 1:16:57]} Qd7 {[%clk 0:44:34]} 16. a4
{[%clk 1:14:44]} Qxh3 {[%clk 0:36:22]} 17. b5 {[%clk 1:13:51]} cxb5
{[%clk 0:31:31]} 18. Rxb5 {[%clk 1:13:18]} Nf6 {[%clk 0:30:47]} 19. Rxe5
{[%clk 0:59:33]} Ng4 {[%clk 0:29:11]} 20. Bxg4 {[%clk 0:59:51]} Qxg4
{[%clk 0:29:36]} 21. Re4 {[%clk 0:59:36]} Qd7 {[%clk 0:29:07]} 22. Rb1
{[%clk 0:57:31]} Rfc8 {[%clk 0:25:47]} 23. Qa2 {[%clk 0:57:15]} Rc5
{[%clk 0:25:14]} 24. Rh4 {[%clk 0:54:41]} Rbc8 {[%clk 0:24:54]} 25. Nc4
{[%clk 0:45:51]} Bf6 {[%clk 0:18:16]} 26. a5 {[%clk 0:30:01]} Nxc4
{[%clk 0:11:45]} 27. Rxc4 {[%clk 0:30:18]} Rh5 {[%clk 0:12:11]} 28. Rbc1
{[%clk 0:28:27]} Qh3 {[%clk 0:12:11]} 29. Rxc8+ {[%clk 0:28:41]} Kg7
{[%clk 0:12:37]} 0-1

[Event "Small Nations"]
[Site "?"]
[Date "2015.04.22"]
[Round "6.9"]
[White "Nielsen, Hogni Egilstoft"]
[Black "Pace, Colin"]
[Result "1/2-1/2"]
[BlackElo "2120"]
[WhiteElo "2382"]
[LiveChessVersion "1.4.5"]

1. e4 {[%clk 1:30:54]} c5 {[%clk 1:30:56]} 2. Nf3 {[%clk 1:30:37]} g6
{[%clk 1:31:14]} 3. c3 {[%clk 1:30:19]} Bg7 {[%clk 1:31:23]} 4. Be2
{[%clk 1:27:00]} d6 {[%clk 1:25:22]} 5. O-O {[%clk 1:27:00]} Nf6 {[%clk 1:25:22]}
6. d3 {[%clk 1:27:00]} O-O {[%clk 1:25:22]} 7. Nbd2 {[%clk 1:24:30]} a6
{[%clk 1:16:19]} 8. a4 {[%clk 1:23:04]} b6 {[%clk 1:15:59]} 9. Nc4
{[%clk 1:14:20]} Nbd7 {[%clk 1:10:51]} 10. Bg5 {[%clk 1:02:47]} Bb7
{[%clk 1:04:07]} 11. Qd2 {[%clk 0:52:21]} b5 {[%clk 0:56:59]} 12. Na3
{[%clk 0:44:38]} c4 {[%clk 0:54:07]} 13. axb5 {[%clk 0:38:14]} axb5
{[%clk 0:52:28]} 14. Nxb5 {[%clk 0:36:39]} cxd3 {[%clk 0:51:34]} 15. Bxd3
{[%clk 0:36:24]} Nxe4 {[%clk 0:48:30]} 16. Bxe4 {[%clk 0:36:04]} Bxe4
{[%clk 0:47:34]} 17. Qe3 {[%clk 0:34:00]} Rxa1 {[%clk 0:40:02]} 18. Rxa1
{[%clk 0:34:06]} d5 {[%clk 0:36:44]} 19. Nfd4 {[%clk 0:27:12]} h6
{[%clk 0:31:27]} 20. Bxh6 {[%clk 0:18:06]} Bxh6 {[%clk 0:23:16]} 21. Qxh6
{[%clk 0:18:26]} e5 {[%clk 0:23:35]} 22. Nc6 {[%clk 0:13:05]} Qf6
{[%clk 0:22:37]} 23. Nb4 {[%clk 0:13:00]} Qb6 {[%clk 0:18:24]} 24. Na3
{[%clk 0:13:03]} d4 {[%clk 0:17:24]} 25. Re1 {[%clk 0:11:13]} Bf5
{[%clk 0:13:37]} 26. Nd5 {[%clk 0:08:32]} Qd6 {[%clk 0:12:42]} 27. c4
{[%clk 0:08:07]} Rb8 {[%clk 0:09:57]} 28. Qd2 {[%clk 0:06:16]} 1/2-1/2

[Event "Small Nations"]
[Site "?"]
[Date "2015.04.22"]
[Round "6.10"]
[White "Cilia Vincenti, David"]
[Black "Rodgaard, John"]
[Result "0-1"]
[WhiteElo "2078"]
[BlackElo "2340"]
[PlyCount "142"]
[EventDate "2015.??.??"]
[TimeControl "6000+1740"]
[WhiteClock "0:03:38"]
[BlackClock "0:03:58"]

1. d4 d5 2. c4 e6 3. Nc3 c6 4. e3 Nf6 5. Nf3 Nbd7 6. b3 Bd6 7. Bb2 O-O 8. Be2
b6 9. O-O Bb7 10. Bd3 c5 11. cxd5 Nxd5 12. Nxd5 Bxd5 13. e4 Bb7 14. Bc2 Re8 15.
Qe2 cxd4 16. Nxd4 Qb8 17. h3 Ne5 18. Nb5 Bc5 19. a3 a6 20. Nd4 Nc6 21. Nxc6
Bxc6 22. b4 Bd6 23. Qc4 Rc8 24. Qc3 Bf8 25. Qe3 Qb7 26. Rfe1 a5 27. bxa5 Rxa5
28. Rab1 Bb5 29. Bd3 Bxd3 30. Qxd3 Ra4 31. f3 h6 32. Rec1 Raa8 33. Rxc8 Qxc8
34. Rc1 Qb7 35. Qc3 Rd8 36. Kh1 Qa6 37. Qc4 Rd1+ 38. Kh2 Bd6+ 39. e5 Qxc4 40.
Rxc4 Bc5 41. Ra4 g5 42. h4 Kg7 43. hxg5 hxg5 44. Kg3 Kg6 45. Bc3 Rd3 46. Bb4
Rd4 47. Ra8 Bxb4 48. axb4 Rxb4 49. Rg8+ Kh6 50. Kf2 Rb2+ 51. Kg3 b5 52. f4
gxf4+ 53. Kxf4 b4 54. Rb8 b3 55. g3 Kg7 56. Kg5 Rb1 57. Kg4 f6 58. Rb7+ Kg6 59.
exf6 Kxf6 60. Rb8 b2 61. Rb5 e5 62. Rb6+ Ke7 63. Kg5 e4 64. g4 e3 65. Rb3 Kd6
66. Rd3+ Kc5 67. Rxe3 Rg1 68. Rb3 b1=Q 69. Rxb1 Rxb1 70. Kf6 Kd6 71. g5 Rf1+
0-1

[Event "Small Nations"]
[Site "?"]
[Date "2015.04.22"]
[Round "6.11"]
[White "Poulsen, Martin"]
[Black "Darmanin, Jake"]
[Result "1-0"]
[BlackElo "1984"]
[WhiteElo "2252"]
[LiveChessVersion "1.4.5"]

1. Nf3 {[%clk 1:30:23]} Nf6 {[%clk 1:30:39]} 2. c4 {[%clk 1:28:12]} e6
{[%clk 1:24:16]} 3. d4 {[%clk 1:26:22]} b6 {[%clk 1:22:04]} 4. Bg5
{[%clk 1:19:32]} Bb4+ {[%clk 1:18:26]} 5. Nbd2 {[%clk 1:14:33]} O-O
{[%clk 1:14:56]} 6. e4 {[%clk 1:07:47]} h6 {[%clk 1:09:30]} 7. Bxf6
{[%clk 1:04:24]} Qxf6 {[%clk 1:09:56]} 8. a3 {[%clk 1:01:15]} Bxd2+
{[%clk 1:08:44]} 9. Qxd2 {[%clk 1:00:57]} Qg6 {[%clk 0:58:04]} 10. Qe3
{[%clk 0:45:56]} f5 {[%clk 0:50:15]} 11. exf5 {[%clk 0:35:48]} exf5
{[%clk 0:49:44]} 12. O-O-O {[%clk 0:31:48]} Bb7 {[%clk 0:35:43]} 13. Qf4
{[%clk 0:21:40]} d6 {[%clk 0:28:19]} 14. Re1 {[%clk 0:19:31]} Nd7
{[%clk 0:21:15]} 15. Re7 {[%clk 0:14:18]} Rad8 {[%clk 0:18:35]} 16. Bd3
{[%clk 0:01:32]} Qf6 {[%clk 0:13:34]} 17. Qe3 {[%clk 0:01:29]} f4
{[%clk 0:08:03]} 18. Qe2 {[%clk 0:01:11]} Rf7 {[%clk 0:05:31]} 19. Rxf7
{[%clk 0:00:47]} Kxf7 {[%clk 0:05:33]} 20. Re1 {[%clk 0:00:46]} g5
{[%clk 0:04:04]} 21. d5 {[%clk 0:00:40]} Nc5 {[%clk 0:03:59]} 22. Bc2
{[%clk 0:00:35]} Bc8 {[%clk 0:02:47]} 23. Nd4 {[%clk 0:00:38]} Bd7
{[%clk 0:02:34]} 24. b4 {[%clk 0:00:43]} Re8 {[%clk 0:01:50]} 25. Qh5+
{[%clk 0:00:37]} Kf8 {[%clk 0:02:07]} 26. Rxe8+ {[%clk 0:00:47]} Bxe8
{[%clk 0:02:36]} 27. Qd1 {[%clk 0:01:01]} Nd7 {[%clk 0:01:58]} 28. Ne6+
{[%clk 0:01:11]} Kg8 {[%clk 0:01:56]} 29. Qd3 {[%clk 0:01:03]} Qe7
{[%clk 0:02:01]} 30. Qf5 {[%clk 0:00:34]} Ne5 {[%clk 0:02:03]} 31. Qe4
{[%clk 0:00:35]} Bg6 {[%clk 0:01:32]} 32. Qe2 {[%clk 0:00:58]} Bxc2
{[%clk 0:01:11]} 33. Qxc2 {[%clk 0:01:10]} c6 {[%clk 0:01:26]} 34. Nd4
{[%clk 0:01:02]} c5 {[%clk 0:00:58]} 35. bxc5 {[%clk 0:00:41]} dxc5
{[%clk 0:00:40]} 36. Nc6 {[%clk 0:00:38]} Nxc6 {[%clk 0:00:36]} 37. Qg6+
{[%clk 0:00:44]} Qg7 {[%clk 0:00:49]} 38. Qxg7+ {[%clk 0:00:45]} 1-0